Food Sorting Gallery II Quiz Stats

 Plays Quiz Updated Jun 26, 2017

Support Sporcle.
Go Orange.
Score 0/55 Timer 07:00
9 Plays Today
% Correct
Barley
95%
Buckwheat
93.9%
Head chef
92.3%
Oats
91.9%
Line cook
90.8%
Fry cook
90.7%
Sous-chef
90.7%
Rice
90.6%
Wheat
90.6%
Lobster
90.5%
Rye
90.5%
Salmon
90.3%
Clams
90.1%
Mussels
89.9%
Cod
89.4%
Cream
89.1%
Cheese
88.9%
Butter
88.5%
Mackerel
87.9%
Herring
87.8%
Ice cream
87.7%
Olive
87.7%
Caesar
87.6%
Yogurt
87.4%
Roundsman
87.2%
Quinoa
87.1%
Maître d'
86.8%
Oreo
86.8%
% Correct
Saturated
86.4%
Unsaturated
86.2%
Cannelloni
85.2%
Maize
84.8%
Expeditor
84.6%
Custard
83.9%
Sunflower
82.4%
Peanut
81.5%
Patissier
81.1%
Sommelier
80.8%
Farfalle
80.7%
Palm
80.5%
Dice
80.2%
Mince
79.1%
Julienne
78.9%
Canola
78.8%
Tilapia
78.2%
Waldorf
77.3%
Sesame
76.6%
Cobb
75.9%
Orecchiette
75.2%
Ziti
74.5%
Batonnet
72.7%
Millet
69.8%
Soybean
63.5%
Brunoise
59%
Sorghum
54.4%

You're not logged in!

Compare scores with friends on all Sporcle quizzes.
OR
Log In
Forgot?

From the Vault

TV Show Characters VI

by SporcleEXP

This quiz has 25 characters that you either love to hate, or hate to love.
Remove Ads.
Support Sporcle.
Get the best of Sporcle when you Go Orange. This ad-free experience offers more features, more stats, and more fun while also helping to support Sporcle. Thank you for becoming a member.

Show Comments

Extras

Top Quizzes Today


Score Distribution

Your Account Isn't Verified!

In order to create a playlist on Sporcle, you need to verify the email address you used during registration. Go to your Sporcle Settings to finish the process.

Report this User

Report this user for behavior that violates our Community Guidelines.

Details: